Diseño simplificado de armaduras de techo para arquitectos y constructores
محفوظ في:
| المؤلف الرئيسي: | |
|---|---|
| التنسيق: | كتاب |
| اللغة: | الإسبانية |
| منشور في: |
Ciudad de México
Limusa-Wiley
1972
|
| سلاسل: | Textos simplificados para Arquitectura, Ingeniería y Construcciones, 3
|
| الموضوعات: | |
| الوسوم: |
إضافة وسم
لا توجد وسوم, كن أول من يضع وسما على هذه التسجيلة!
|
MARC
| LEADER | 00000nam a2200000 a 4500 | ||
|---|---|---|---|
| 001 | UCU5902 | ||
| 003 | CL-VaPUC | ||
| 008 | 960614e19720000MX |||||||||||||||||spa|d | ||
| 082 | 0 | 4 | |a 690.17 |b PAR |2 21 |
| 100 | |a Parker, Harry |e autor |9 299857 | ||
| 245 | 1 | 0 | |a Diseño simplificado de armaduras de techo para arquitectos y constructores |
| 300 | |a 289 p | ||
| 942 | |c BK | ||
| 945 | |d 19960614 00:00:00 |a cmena | ||
| 260 | |a Ciudad de México |b Limusa-Wiley |c 1972 | ||
| 650 | 7 | |a CUBIERTAS |2 CL-VaPUC |9 363975 | |
| 650 | 7 | |a TECHOS |2 CL-VaPUC |9 363976 | |
| 650 | 7 | |a FUERZAS MECANICA |2 CL-VaPUC |9 359700 | |
| 650 | 7 | |a FRICCIONES FISICA |2 CL-VaPUC |9 359791 | |
| 650 | 0 | |a Estática |9 260452 | |
| 650 | 0 | |a Movimiento física |9 359702 | |
| 650 | 7 | |a CENTRO DE GRAVEDAD |2 CL-VaPUC |9 363940 | |
| 650 | 0 | |a Geometría |9 264063 | |
| 650 | 0 | |a Matemática aplicada |9 260236 | |
| 650 | 0 | |a Construcción |9 260195 | |
| 650 | 7 | |a TECNOLOGIA DE LA CONSTRUCCION |2 CL-VaPUC |9 260196 | |
| 650 | 0 | |a Elementos estructurales |9 350100 | |
| 650 | 0 | |a Estructuras-construcción |9 262358 | |
| 583 | |a last modification |c 19960614 00:00:00 |k Rodrigo Vera | ||
| 490 | 0 | |a Textos simplificados para Arquitectura, Ingeniería y Construcciones, 3 | |
| 999 | |c 249052 |d 249050 | ||